000 00667nam a2200229Ia 4500
003 GCL
008 140319s9999 xx 000 0 ara d
040 _aGCL /
_cGCL
082 0 4 _a227
_bم ق
100 1 _aمحمد بهائى سليم
245 1 0 _aالقران الكريم والسلوك الانسانى /
_cمحمد بهائى سليم
260 _a[S.N] :
_bالهيئة المصرية العامة للكتاب ،
_c1987
300 _a377 ص
490 _a
650 0 4 _aالاسلام
650 0 4 _aالانسان
650 0 4 _aالديانات
650 0 4 _aالسلوك
650 0 4 _aتفاسير
650 0 4 _aالقران
942 _2ddc
_cBK
999 _c29230
_d29230